000 00280nam a2200121 a 4500
005 20141022142006.0
008 080922s19uu xx 00 eng d
050 _aVCD
_bM41 2003
245 _aThe matrix: Revolutions.
650 _aVCD.
650 _aRevolutions.
942 _cAVM
999 _c276495
_d276495